00799cam a22002411 4500001001300000003000400013005001700017008004100034010001700075035001900092040004000111042001200151050002000163100003300183245011700216260004300333300001800376490005000394490004500444650002500489650002600514999001700540s 13000129 DLC20260227111911.0771212s1881 dcu 000 0 eng c as 13000129  a(OCoLC)3483849 aSmithsonian inst. LibrarycViUdDLC apremarc00aQ11b.U6 no. 211 aRidgway, Robert,d1850-1929.10aNomenclature of North American birds chiefly contained in the United States National Museum.cBy Robert Ridgway. aWashington,bGovt. Print. Off.,c1881. a94 p.c24 cm.0 aBulletin of the United States Museum,vno. 210 aSmithsonian Institution publication 422. 0aBirdsxNomenclature. 0aBirdszNorth America. c52675d52675